01664nam a2200361 i 4500003000900000005001700009007000300026008004100029020001800070040003000088041000800118082001900126100003800145245017000183264003500353300002800388336002700416337003300443338002800476490002200504500006400526504003900590546017300629590002700802651006200829651004800891651004600939651003100985910001401016942001401030952024101044999001701285DO-SdBNP20250203134916.0ta240321s2021 dr 000 0 fre d a9789997000187 aDO-SdBNPbspacBNPHUerda17afre 1axxxbA381p2221 aAlexandre, Guyeautor4aut.9205710aPour Haïti. Pour la République Dominicaine :binterventions, positions et propositions pour une gestion responsable des relations bilatérales /cGuy Alexandre. 1aHaïti :bC3 editions,c2013. a333 páginas ;c22 cm. atextobtxt2rdacontent asin mediaciónbn2rdamedia avolumenbnc2rdacarrier1 aColección Bohio aIncluye datos biografícos del autor en la contraportada.  aBibliografía : páginas 331-333 aTitulo en español: Para Haití. Para la república dominicana: Intervenciones, posiciones y propuestas para una gestión responsable de las relaciones bilaterales. aInventariado, 2024/ YL 4aRepública DominicanaxEmigración E Inmigración9290 4aHaitíxEmigración E Inmigración91425 4aRepública DominicanaxPoblación91423 4aHaitíxPoblación91424 aYLockward 2ddccLBS1 00102ddc51708PDaBNPHUbBNPHUcCTd2024-03-21eDonado por la Presidencia de la República Dominicana 2023.l0oBNPHU PD A381pp2024-1640r2024-03-21w2024-03-21yLBS1zPerteneció a la biblioteca personal de Emilio Cordero Michel. c56173d56173